000 00879nmm a2200289 a 4500
001 ocm000702397
003 TR-IsHL
005 20201028132531.0
008 131030s1999 tu tur
007 cr cn
035 _a702397
_b(N$T)
050 0 4 _aDR435.K8
_bG86 1999
090 0 4 _aDR435.K8
_bG86 1999
245 1 0 _aGüneydoğu raporu
_h[electronic resource]
260 _aAnkara :
_bTürkiye Barolar Birliği,
_c1999
300 _a23 p.
650 4 _aHukuk
650 4 _aLaw
650 0 _aHuman rights
650 0 _aİnsan hakları
650 0 _aHuman Rights
_x Treaties
650 0 _aİnsan Hakları
_x Antlaşmalar
650 0 _aKürt sorunu
_x Türkiye
650 0 _aKurdish issue
_x Turkey
650 7 _aPOLITICAL SCIENCE / Human Rights
_2bisacsh
856 4 0 _uhttp://search.ebscohost.com/login.aspx?direct=true&scope=site&db=e011xww&AN=702397
999 _c5144
_d5144